Pisimmät roomalaiset numerot - Statistics

Yleistilastot
  • Tätä visaa on pelattu 19 kertaa
  • Keskiarvotulos 3 / 8
Vastaustilastot
pituus numero roomalainen numero % Oikein
14 kirjainta 3887 MMMDCCCLXXXVII
80%
15 kirjainta 3888 MMMDCCCLXXXVIII
70%
14 kirjainta 2888 MMDCCCLXXXVIII
50%
14 kirjainta 3388 MMMCCCLXXXVIII
40%
14 kirjainta 3883 MMMDCCCLXXXIII
40%
14 kirjainta 3878 MMMDCCCLXXVIII
30%
14 kirjainta 3838 MMMDCCCXXXVIII
20%
14 kirjainta 3788 MMMDCCLXXXVIII
10%
Ehtoja vastaavia visoja ei löytynyt
Tulosjakauma
Jokaisen tuloksen saaneiden osuus
Persentiili vastausten määrän mukaan
Tuloshistoriasi
Et ole pelannut tätä visaa